| 000 | 00549nam a2200205Ia 4500 | ||
|---|---|---|---|
| 005 | 20250923144353.0 | ||
| 008 | 008 250917s9999 xx 000 0 eng d | ||
| 037 | _aTextual | ||
| 040 |
_aDSWL _beng _cDSWL |
||
| 041 |
_aeng _2eng |
||
| 084 |
_aX9J:Z2:21, H7 _qDSWL |
||
| 100 |
_aCharan, Singh _9824203 |
||
| 245 | 0 |
_aAbolition of Zamidari _cby Singh Charan |
|
| 260 |
_aAllahabad _c1947 |
||
| 300 | _a263 p. | ||
| 365 |
_aINR _b7.8 |
||
| 925 | _g7.8 | ||
| 942 |
_cTEXL _hX9J:Z2:21, H7 |
||
| 999 |
_c1438011 _d1438011 |
||